000
00308cam a22001217a 4500
008
180718b1970 xxu||||| |||| 00| 0 eng d
082
_a
Y73 Ar11
100
_a
Jamal Ara
245
_a
Watching birds
_c
by Jamal Ara
260
_a
Delhi
_b
Natiaonl Book Trust
_c
1970
300
_a
61p.
650
_a
Birds - Behavior
999
_c
390195
_d
390195